000 02358nam0a2200397 4500
001 RU\NLR\BIBL_A\011657318
005 20180419153416.0
010 _a978-5-9644-0280-0
_9500
021 _aRU
_bКН-П-18-009665
_9КН-П-18-0672
035 _a(NLR Aleph) 011657318
035 _a(RuMoRGB)009544752
090 _a11162622
_c11162622
100 _a20180315d2016 k y0rusy50 ca
101 0 _arus
102 _aRU
105 _aa z 000zy
200 1 _aПедагогическое взаимодействие субъектов образовательного процесса в условиях личностно-ориентированного образования
_e[монография]
_fБурляева Виктория Арсентиевна, Чебанов Константин Александрович
_gМинистерство образования и молодежной политики Ставропольского края, Государственное автономное образовательное учреждение высшего образования "Невинномысский государственный гуманитарно-технический институт"
210 _aНевинномысск
_cНГГТИ
_d2016
215 _a186 с.
_cил., табл.
_d20
320 _aБиблиогр.: с. 166-169 (50 назв.)
606 1 _aОбразовательные учреждения
_xПреподавание
_xЛичностный подход
_92120652
_3RU\NLR\auth\661584252
606 1 _aПедагогическое общение
_92320518
_3RU\NLR\AUTH\661388278
610 0 _aличностно ориентированное образование
610 0 _aпедагогическое взаимодействие
686 _aЧ31,6(2)223.23,0
_2rubbk
686 _aЧ31,6(2)221,0
_2rubbk
686 1 _aЧ312.04
686 1 _aЧ314.2
686 1 _aЧ313.2
700 1 _7ca
_8rus
_aБурляева
_bВ. А.
_gВиктория Арсентьевна
_956254
_3RU\NLR\AUTH\7773326
701 1 _7ca
_8rus
_aЧебанов
_bК. А.
_cканд. пед. наук
_gКонстантин Александрович
_959035
_3RU\NLR\AUTH\7776107
942 _cBOOK
980 _aNBR
980 _aNB